जगज्जेते / (Record no. 50379)

MARC details
000 -LEADER
fixed length control field 01213nam a22002417a 4500
005 - DATE AND TIME OF LATEST TRANSACTION
control field 20110209120154.0
008 - FIXED-LENGTH DATA ELEMENTS--GENERAL INFORMATION
fixed length control field 110209t xxu||||| |||| 00| 0 mar d
010 ## - LCCN (DPL NO)
LC control number MAR-20548
020 ## - INTERNATIONAL STANDARD BOOK NUMBER
International Standard Book Number 9788174981042
Terms of availability 250.00
035 ## - SYSTEM CONTROL NUMBER
System control number MR-13206
037 ## - SOURCE OF ACQUISITION
Source of stock number/acquisition DBAD / PUB
040 ## - CATALOGING SOURCE
Original cataloging agency DPL
Language of cataloging MR
082 ## - DEWEY DECIMAL CLASSIFICATION NUMBER
Classification number 153.42
100 ## - MAIN ENTRY--PERSONAL NAME
Personal name उपाध्याय,भूषणकुमार
9 (RLIN) 25775
245 ## - TITLE STATEMENT
Title जगज्जेते /
Statement of responsibility, etc भूषणकुमार उपाध्याय : शकुन्तला कोलारकर द्वारा अनुवादित
246 ## - VARYING FORM OF TITLE
Title proper/short title Jagajete
Remainder of title by Bhushankumar Upadhyaya
260 ## - PUBLICATION, DISTRIBUTION, ETC. (IMPRINT)
Place of publication, distribution, etc नागपूर
Name of publisher, distributor, etc विजय प्रकाशन
Date of publication, distribution, etc 2010
270 ## - ADDRESS
Address हनुमान गल्ली,सीताबर्डी
City नागपूर
Postal code 440012
Telephone number 0712-2530539
300 ## - PHYSICAL DESCRIPTION
Extent 262पृ
Other physical details 21 सेमी(अजिल्द)
700 ## - ADDED ENTRY--PERSONAL NAME
Personal name कोलारकर,शकुन्तला
9 (RLIN) 25776
942 ## - ADDED ENTRY ELEMENTS (KOHA)
Source of classification or shelving scheme Dewey Decimal Classification
Item type Marathi Books
Classification part 153.42
Call number suffix उपाध्या
Holdings
Withdrawn status Lost status Source of classification or shelving scheme Damaged status Not for loan Collection code Home library Current library Date acquired Source of acquisition Cost, normal purchase price Total Checkouts Full call number Barcode Date last seen Copy number Cost, replacement price Koha item type
    Dewey Decimal Classification   Not For Loan Non-fiction D.B.Act.Division D.B.Act.Division 09/02/2011 DBAD / PUB 250.00   153.42 उपाध्या MR-13206 09/02/2011 1 250.00 Marathi Books

© Delhi Public Library
Hit Counter
free hit counter